000 00299nam a2200109Ia 4500
008 200302s9999 xx 000 0 und d
100 _aFreek Loos and Martine Van Vliet
245 _aGreen streetscape design with stormwater management
260 _bImages Publishing
260 _c2016
300 _a247
999 _c6592
_d6592